Statistics for Geography by Letter - N

Click here to take the quiz!

General Stats

  • This quiz has been taken 54,587 times
  • The average score is 16 of 22

Answer Stats

Hint Answer % Correct
The city that never sleepsNew York City
98%
Longest river in the worldNile
97%
Country in the HimalayasNepal
95%
Country erroneously referred to as HollandNetherlands
93%
Country famous for fjordsNorway
92%
City struck by an atomic bombNagasaki
90%
City where pizza was inventedNaples
88%
City of Jesus's youthNazareth
86%
Paris cathedral or American universityNotre Dame
85%
Capital of KenyaNairobi
85%
America's country music capitalNashville
77%
Term for a migratory people
such as the Bedouins
Nomad
71%
U.S. state where the
Wright Brothers first took flight
North Carolina
70%
Bavarian city and Nazi trial localeNuremberg
68%
California's most famous wine regionNapa Valley
65%
Australia's most populous stateNew South
Wales
63%
Largest southwestern Native American tribeNavajo
58%
French region on the English channelNormandy
56%
Japanese name for JapanNihon
53%
The Grand Banks are found off the
coast of this Canadian island
Newfoundland
53%
Last name shared by 39% of VietnameseNguyễn
48%
Massachusetts island,
formerly a whaling center
Nantucket
44%

Score Distribution

Percentile by Number Answered

Percent of People with Each Score

Your Score History

You have not taken this quiz